QUEST Central Library Banner

پاکیستان کے جعلی حکمران (Record no. 15148)

MARC details
000 -LEADER
fixed length control field 00242nam a22001097a 4500
082 ## - DEWEY DECIMAL CLASSIFICATION NUMBER
Classification number 330.9547م ب ش
100 ## - MAIN ENTRY--AUTHOR NAME
Personal name مبشر
245 ## - TITLE STATEMENT
Title پاکیستان کے جعلی حکمران
260 ## - PUBLICATION, DISTRIBUTION, ETC. (IMPRINT)
Place of publication لاہور
300 ## - PHYSICAL DESCRIPTION
Number of Pages ۱۴۴
942 ## - ADDED ENTRY ELEMENTS (KOHA)
Koha item type Books
Holdings
Withdrawn status Lost status Collection code Home library Current library Date acquired Full call number Accession Number Koha item type
    Reference Reference Section Reference Section 12/01/2016 330.9547م ب ش (Shelf - 21D) 15678 Books

Copyright © 2018,The QUEST, Nawabshah, Shaheed Benazirabad. All rights reserved
Mr. G. Farooq Channar (Librarian) QUEST, Nawabshah, Sindh, Pakistan 67480.
 Ph#: |   0244-9370381-4 Ext. 2308   Email| lib@quest.edu.pk   Web|  http://www.quest.edu.pk